Carlos Fuentes: Territorios del tiempo. Antología de estrevistas
Gespeichert in:
| Format: | Buch |
|---|---|
| Sprache: | Undetermined |
| Veröffentlicht: |
México, Distrito Federal
Fondo de Cultura Económica
1999
|
| Schlagworte: | |
| Tags: |
Tag hinzufügen
Keine Tags, Fügen Sie den ersten Tag hinzu!
|
MARC
| LEADER | 00000nam a2200000Ia 4500 | ||
|---|---|---|---|
| 008 | 170316s9999 xx 000 0 und d | ||
| 040 | |a cru BVZT | ||
| 090 | |a A-860 C-1.2c | ||
| 245 | |a Carlos Fuentes: Territorios del tiempo. Antología de estrevistas | ||
| 260 | |a México, Distrito Federal | ||
| 260 | |b Fondo de Cultura Económica | ||
| 260 | |c 1999 | ||
| 300 | |a 310 páginas | ||
| 650 | |a LITERATURA LATINOAMERICANA | ||
| 650 | |a ANTOLOGÍA | ||
| 999 | |c 12482 |d 12482 | ||
| 942 | |c 15 D |h A-860 C-1.2c |2 z | ||
